NBA - Top 10 Players With The Most Games Off The Bench - Statistics

General Stats
  • This quiz has been taken 9 times
  • The average score is 3 of 10
Answer Stats
Rank Answer % Correct
3. Jamal Crawford
75%
1. Lou Williams
75%
4. Steve Kerr
38%
2. Dell Curry
25%
10. Leandro Barbosa
25%
6. Kyle Korver
13%
5. Antoine Carr
0%
9. Joe Kleine
0%
8. Jon Barry
0%
7. Patty Mills
0%
No matching quizzes found
Score Distribution
Percent of People with Each Score
Percentile by Number Answered
Your Score History
You have not taken this quiz